Základy numerické matematiky /

Gespeichert in:
Bibliographische Detailangaben
1. Verfasser: Ralston, Anthony (Verfasst von)
Format: Buch
Sprache:Tschechisch
Veröffentlicht: Praha : Academia, 1973
Schlagworte:
Tags: Tag hinzufügen
Keine Tags, Fügen Sie das erste Tag hinzu!

MARC

LEADER 00000nam a22000003a 4500
001 stu568
005 20150617225622.3
008 910610s1973----cs------------------cze-d
040 |a STU  |b slo 
041 0 |a cze 
044 |a cs 
080 |a 518 
100 1 |a Ralston, Anthony  |4 aut 
245 1 |a Základy numerické matematiky /  |c [aut.] Ralston,Anthony 
260 |a Praha :  |b Academia,  |c 1973 
300 |a 635 s 
650 7 |a Matematika numerická  |2 stusub 
996 |b 284EK03651  |c E*31709  |l EE01  |s A  |a 24  |w stu568_0001 
996 |b 284J016206  |c J*39130  |l JJSK  |s A  |a 24  |w stu568_0002 
996 |b 284J016207  |c J*39131  |l JJSK  |s A  |a 24  |w stu568_0003 
996 |c I*8M7922  |l I  |s A  |a 24  |w stu568_0004 
996 |b E31796  |c E*31796  |l EE10  |s P  |a 0  |w stu568_0005